[Event "78th Armenian Chess Ch"]
[Site "Yerevan"]
[Date "2017.08.09"]
[Round "1"]
[White "Petrosyan, Manuel"]
[Black "Sargsyan, Shant"]
[Result "1-0"]
[WhiteElo "2565"]
[BlackElo "2416"]
[Annotator "TA"]
[PlyCount "77"]
[EventDate "2017.??.??"]
[EventCountry "ARM"]
[SourceTitle "playchess.com"]
[Source "ChessBase"]
[SourceQuality "1"]

{[%evp 9,77,5,5,2,24,27,26,8,36,27,43,8,9,16,9,21,25,17,12,0,0,0,28,28,29,18,28,30,30,30,36,36,33,33,29,28,45,20,29,27,49,16,60,47,145,144,189,180,192,187,334,375,377,339,474,460,606,333,801,796,787,772,4686,2489,2434,4686,2410,2314,29981,29983]} 1. Nf3 d5 2. e3 Nf6 3. c4 e6 4. b3 b6 5. Bb2 Bb7 6. Nc3 {A13: English Opening: 1...e6} (6. d4 Bd6 7. Nbd2 O-O 8. Bd3 Nbd7 9. Rc1 Ne4 10. O-O Nxd2 11. Nxd2 Nf6 12. c5 bxc5 13. dxc5 Be7 14. c6 Bc8 15. Qe2 Bb4 16. Rfd1 Qe7 17. Nf3 a5 18. a4 {1-0 (49) Nakamura,H (2785)-So,W (2812) Paris 2017}) 6... Bd6 7. cxd5 exd5 8. Nb5 {White has an edge.} O-O $146 ({Find the theoretical novelty and annotate with similar games:} 8... Be7 9. Be5 Na6 10. Nbd4 O-O 11. Bb5 Nb8 12. Nf5 {0-1 (57) Hovhannisyan,R (2641)-Harutyunian,T (2462) Yerevan 2016}) 9. Nxd6 Qxd6 10. Nd4 {aiming for Nb5.} c5 11. Nf5 Qe6 12. Qf3 Nbd7 13. Be2 Ne5 14. Bxe5 Qxe5 15. d4 cxd4 16. Nxd4 Ne4 17. Qf5 Qxf5 18. Nxf5 g6 19. Nd4 Rfc8 20. f3 Nc5 21. Kd2 Kf8 22. h4 {[%cal Bh2h4,Bh4h5][%mdl 32]} Ke7 23. h5 (23. b4 $5 {[%cal Rb4c5]} Ne6 24. Nxe6 Kxe6 25. h5 $11) 23... a5 24. g4 {[%cal Bg2g4,Bg4g5][%mdl 32]} Ne6 25. f4 Rc5 26. g5 Ba6 (26... Rc7 $14) 27. Bg4 Bc8 28. hxg6 hxg6 29. Rh8 {And now Bxe6 would win.} Nf8 {[#]} (29... Ra6 $142 30. Bxe6 Bxe6) 30. f5 $1 $18 {[%cal Rf5f6]} gxf5 31. Bxf5 Bxf5 32. Nxf5+ Ke6 33. Rf1 Rac8 $2 {[#]} (33... d4) 34. Nd4+ Ke7 35. Rf6 Rc1 36. Nf5+ Kd7 37. Rxf7+ Ke6 38. Rf6+ Ke5 39. Nd4 {Precision: White = 67%, Black = 43%.} 1-0

[Event "78th Armenian Chess Ch"]
[Site "Yerevan"]
[Date "2017.08.09"]
[Round "1"]
[White "Harutyunian, Tigran K"]
[Black "Hakobyan, Aram"]
[Result "1-0"]
[WhiteElo "2513"]
[BlackElo "2466"]
[Annotator "TA"]
[PlyCount "107"]
[EventDate "2017.??.??"]
[EventCountry "ARM"]
[SourceTitle "playchess.com"]
[Source "ChessBase"]
[SourceQuality "1"]

{[%evp 9,107,14,20,3,11,0,12,22,15,16,26,10,24,24,26,26,24,21,20,21,26,11,17,20,9,26,28,29,35,22,22,22,20,16,29,34,44,31,60,57,66,64,103,103,108,107,107,107,106,110,110,109,133,134,126,133,133,116,171,170,176,169,229,235,222,220,297,297,297,287,289,289,408,390,477,463,800,784,823,795,660,1042,800,710,12535,5214,8731,5297,7228,5708,4794,5531,29978,29979,29978,29979,29979,29980,29980,29980]} 1. Nf3 Nf6 2. c4 b6 3. g3 Bb7 4. Bg2 g6 5. O-O Bg7 6. Nc3 {A15: English Opening: 1...Nf6} (6. d4 O-O 7. Qc2 c5 8. d5 b5 9. e4 bxc4 10. Nbd2 e6 11. dxe6 dxe6 12. e5 Nfd7 13. Nxc4 Nc6 14. Bf4 Rb8 15. Rfe1 {½-½ (47) Van Wely,L (2675)-Sokolov,I (2625) Amsterdam 2017}) 6... O-O 7. Re1 Ne4 8. Nxe4 {The position is equal.} Bxe4 9. d3 Bb7 10. e4 c5 11. d4 cxd4 12. Nxd4 Nc6 13. Be3 Rc8 $146 14. b3 d6 15. Rc1 Nxd4 16. Bxd4 Bxd4 17. Qxd4 Qc7 18. Rcd1 Rfd8 19. h4 Qc5 20. Bh3 Rb8 21. Qd2 b5 22. cxb5 Qxb5 23. Rc1 $36 {[%mdl 2048] White has the initiative.} d5 24. exd5 Rxd5 25. Qe3 e5 26. Bg2 Rd3 27. Qxe5 Qxe5 28. Rxe5 {Threatens to win with Rb5.} Bxg2 29. Kxg2 $16 {[%mdl 4096] Endgame KRR-KRR} Rd2 30. Ra5 Re8 31. Rxa7 {Hoping for Rcc7.} Ree2 32. Rf1 Rb2 33. Ra4 h5 (33... Re5 $16 {was called for.} 34. b4 Kg7) 34. b4 $18 Re5 35. a3 Rf5 {[#]} (35... Rd5 $142 36. Ra7 Kg7) 36. Ra8+ $1 Kg7 {[#]} 37. Re8 $1 f6 38. Re7+ Kh6 39. Re3 g5 40. Rf3 Rxf3 (40... Kg6 $142 41. Rxf5 Kxf5) 41. Kxf3 {KR-KR} Rb3+ 42. Kg2 Rxa3 (42... Kg6 $142 43. hxg5 fxg5) 43. Rb1 Ra6 44. b5 {[%cal Bb4b5,Bb5b6,Bb6b7][%mdl 32]} Rb6 45. Kf3 Kg6 46. Ke4 f5+ 47. Kd5 (47. Kd4 $142 f4 48. Kc5) 47... f4 48. Kc5 Rb8 49. b6 Kf5 50. hxg5 fxg3 51. fxg3 {White mates.} Kg4 52. Rb3 Rg8 53. b7 Rxg5+ 54. Kb6 {Precision: White = 79%, Black = 52%.} 1-0

[Event "78th Armenian Chess Ch"]
[Site "Yerevan"]
[Date "2017.08.09"]
[Round "1"]
[White "Hayrapetyan, Hovik"]
[Black "Harutjunyan, Gevorg"]
[Result "0-1"]
[WhiteElo "2502"]
[BlackElo "2454"]
[Annotator "TA"]
[PlyCount "66"]
[EventDate "2017.??.??"]
[EventCountry "ARM"]
[SourceTitle "playchess.com"]
[Source "ChessBase"]
[SourceQuality "1"]

{[%evp 15,66,35,30,19,10,18,19,1,35,37,30,11,20,9,6,-3,33,32,30,33,38,40,24,0,0,6,0,-2,-8,-243,-239,-239,-239,-253,-218,-381,-400,-491,-302,-657,-653,-820,-818,-797,-710,-783,-835,-818,-807,-772,-752,-740,-691]} 1. Nf3 Nf6 2. c4 g6 3. g3 Bg7 4. Bg2 O-O 5. O-O c6 6. d4 d6 7. Nc3 Qa5 8. h3 Qa6 9. b3 {E62: King's Indian: Fianchetto: 6...c6 and Panno Variation (6...Nc6) without ...a6} b5 10. Bg5 (10. cxb5 cxb5 11. Qd3 b4 12. Ne1 Bxh3 13. Bxh3 bxc3 14. Bg2 d5 15. Qxa6 Nxa6 16. Ba3 Ne4 17. e3 Rfe8 18. Nd3 e6 19. Rac1 {½-½ (49) Nielsen,P (2693)-Grischuk,A (2752) Beijing 2011}) 10... bxc4 11. e4 $146 {The position is equal.} ({Predecessor:} 11. bxc4 Qxc4 12. Rc1 Ba6 13. Re1 Qb4 14. e4 e5 15. dxe5 dxe5 16. Nxe5 Qa5 17. Nxf7 Rxf7 {1-0 (59) Carlsen,M (2548)-Lie,K (2495) Gausdal 2005}) 11... h6 12. Be3 {[%mdl 1024] White has compensation.} Nbd7 13. Qc1 Kh7 14. Nd2 Nb6 15. f4 e5 16. dxe5 dxe5 17. f5 Rd8 18. Kh2 Rd3 19. Bxb6 axb6 20. Nxc4 {Strongly threatening Na4.} b5 $36 {[%mdl 2048] Black is pushing.} 21. Nxe5 Rxg3 $1 {aiming for ...Nh5.} 22. Ne2 $2 {[#]} (22. Nxf7 $11 Qa7 23. Kxg3 Nh5+ 24. Kh2 Qxf7 25. Ne2 Be5+ 26. Kh1 Bxa1 27. Qxa1) 22... Rxg2+ $1 $19 {[%mdl 512]} 23. Kxg2 Nxe4 24. fxg6+ fxg6 25. Qf4 $2 ({Reject} 25. Rf7 Bxh3+ 26. Kh2 (26. Kxh3 $2 Ng5+ 27. Kh2 Nxf7 $19) 26... Ng5) (25. Nxg6 {might work better.} c5 26. Ngf4) 25... c5 26. Rad1 ({Not} 26. Qxe4 $2 Bb7 $19) 26... Bb7 27. Kh2 $2 (27. Rd7 Nf6+ 28. Rxb7 Qxb7+ 29. Qf3 Qxf3+ 30. Kxf3) 27... Qxa2 {Black is clearly winning.} 28. Rd7 {Rxg7+! would kill now.} Qxe2+ 29. Kg1 Bd5 30. Nxg6 Ng5 {[%cal Rg5h3]} 31. Nf8+ Kh8 {[%cal Rg5h3]} 32. Ng6+ Kg8 {[%cal Rg5h3]} 33. Ne7+ {[#]} Qxe7 $1 {[%mdl 512] Precision: White = 42%, Black = 83%.} 0-1

[Event "78th Armenian Chess Ch"]
[Site "Yerevan"]
[Date "2017.08.09"]
[Round "1"]
[White "Mikaelyan, Arman"]
[Black "Danielyan, Vahe"]
[Result "1/2-1/2"]
[WhiteElo "2486"]
[BlackElo "2344"]
[Annotator "TA"]
[PlyCount "101"]
[EventDate "2017.??.??"]
[EventCountry "ARM"]
[SourceTitle "playchess.com"]
[Source "ChessBase"]
[SourceQuality "1"]

{[%evp 9,101,0,18,22,21,40,39,35,26,30,30,19,8,19,23,15,19,10,22,10,40,41,35,37,33,0,7,0,0,0,0,-37,-29,-43,-34,-31,-26,-35,-31,-59,-58,-54,-46,-54,-37,-96,-96,-91,-96,-115,-77,-82,-78,-77,-80,-107,-100,-177,-177,-177,-177,-177,-175,-186,0,-13,0,0,0,0,0,0,0,-41,-41,-41,0,-41,0,-41,0,-41,0,0,0,0,0,0,0,0,0,0,0,0]} 1. d4 Nf6 2. Bg5 Ne4 3. Bf4 Nc6 4. Nf3 d5 5. e3 Bg4 6. h3 {A45: Trompowsky Attack} Bh5 (6... Bxf3 7. gxf3 Nf6 8. c4 e6 9. Qb3 Bb4+ 10. Nc3 O-O 11. O-O-O dxc4 12. Qxc4 Bxc3 13. bxc3 {0-1 (43) Van Wely,L (2663)-Naroditsky,D (2620) London 2014}) 7. Bb5 a6 $146 ({Find the theoretical novelty and annotate with similar games:} 7... f6 8. O-O e6 9. c4 Bd6 10. cxd5 exd5 11. g4 Bf7 {½-½ (26) Collier,D (2245)-Pugh,D Bristol 1999}) 8. Bxc6+ {White is slightly better.} bxc6 9. Nbd2 Rb8 10. Nb3 f6 11. Qd3 Rb6 12. Nfd2 Bg6 {Strongly threatening ...Nxf2!} 13. Qe2 Nxd2 14. Qxd2 e6 (14... a5 $5) 15. O-O Bb4 16. c3 Be7 17. Na5 c5 $1 18. dxc5 Bxc5 19. b4 Be7 $36 {[%mdl 2048] Black has good play.} 20. Nb3 O-O 21. Bg3 Qc8 22. Rac1 Rd8 23. Qe2 e5 24. Rfd1 c5 25. bxc5 Bxc5 26. Nxc5 Qxc5 27. e4 (27. c4 $15) 27... Bxe4 $17 28. c4 Rc6 29. Kh2 Bg6 {And now ...d4 would win.} 30. cxd5 Qxc1 31. Rxc1 Rxc1 32. Qxa6 Rd1 $1 33. f4 {[#]} (33. a4 $17) 33... exf4 $1 $19 ({Worse is} 33... R1xd5 34. fxe5 fxe5 35. a4 $11) 34. Bxf4 {With the idea d6.} R1xd5 ({Much less strong is} 34... R8xd5 35. Qc8+ Rd8 36. Qc7 $17) 35. a4 {[%cal Ba2a4,Ba4a5,Ba5a6,Ba6a7][%mdl 32]} h6 36. a5 {[#]} Rf5 $2 (36... Kh7 $1 $19 37. Be3 Re8) 37. Qb6 Re8 (37... Ra8 $5 {[%cal Rf5f4]} 38. Bd2 Re5 $11) 38. Bg3 Kh7 {White must now prevent ...Re2.} 39. a6 Re2 {...Rd5 is the strong threat.} 40. a7 Ra2 41. h4 Rfa5 42. Bf2 $1 R5a4 43. Qe3 h5 44. Qc5 Ra5 45. Qd4 Rb5 46. Qc3 {The position is equal.} Rb1 47. Qc6 Rba1 48. Bd4 Rxa7 {aiming for ...R7a6.} 49. Bxa7 Rxa7 50. Qc5 Ra4 51. g3 {Precision: White = 38%, Black = 69%.} 1/2-1/2

[Event "78th Armenian Chess Ch"]
[Site "Yerevan"]
[Date "2017.08.09"]
[Round "1"]
[White "Baghdasaryan, Vahe"]
[Black "Kalashian, David"]
[Result "1-0"]
[WhiteElo "2469"]
[BlackElo "2389"]
[Annotator "TA"]
[PlyCount "109"]
[EventDate "2017.??.??"]
[EventCountry "ARM"]
[SourceTitle "playchess.com"]
[Source "ChessBase"]
[SourceQuality "1"]

{[%evp 12,109,68,45,46,52,51,50,56,55,50,70,93,100,149,136,178,171,169,195,182,161,204,203,234,243,237,241,224,239,222,233,220,216,247,241,229,219,258,253,254,256,219,231,235,221,301,295,358,335,335,313,333,318,394,336,810,808,773,780,836,841,762,471,563,557,518,510,453,415,542,544,648,628,632,643,670,659,685,673,872,792,875,790,1118,1104,1022,1001,1203,1208,1164,1156,1991,1875,1668,1643,6409,29974,5654,6133]} 1. e4 c5 2. Nf3 a6 3. c4 e6 4. Nc3 d6 5. d4 cxd4 6. Nxd4 Nf6 7. g3 Qc7 {B41: Sicilian: Kan Variation: 5 c4} 8. Be3 b6 (8... Be7 9. Rc1 O-O 10. Bg2 Nbd7 11. O-O Re8 12. b3 Bf8 13. g4 g6 14. g5 Nh5 15. Bf3 {0-1 (55) Timofeev,A (2539)-Zubritskiy,A (2422) St Petersburg 2015}) 9. Rc1 Bb7 {White is slightly better.} 10. Bg2 Nbd7 11. O-O Be7 12. Nd5 $36 {[%mdl 2048] Keeping Black busy.} exd5 13. cxd5 Nc5 14. b4 O-O 15. bxc5 $146 ({Predecessor:} 15. Nf5) 15... bxc5 {[#]} 16. e5 $1 {[%cal Re5f6][%mdl 512]} dxe5 ({Don't blunder} 16... Nxd5 $2 17. Bxd5 Bxd5 18. Nf5 $18) 17. Nf5 Rfd8 {[%cal Rb7d5] [#]} 18. d6 $1 {[%cal Rd6c7][%mdl 512]} Rxd6 (18... Bxd6 19. Bxb7) 19. Rxc5 Qd7 20. Nxd6 Bxg2 21. Kxg2 Bxd6 22. Ra5 Qc7 23. Qf3 e4 24. Qf5 h5 25. Rc1 Qb7 26. Rd1 Be7 27. h3 Re8 28. Ra4 h4 29. g4 ({But not} 29. gxh4 $6 Qc6 $18) 29... Qc6 30. Qa5 Ra8 31. Rc1 Qe8 32. Rac4 Bd8 33. Qa4 Qe7 $2 (33... Qxa4 34. Rxa4 Nd5) 34. Qc6 $18 Rb8 35. g5 Nd7 36. Rxe4 Ne5 37. Qc5 Qxc5 38. Rxc5 ({Weaker is} 38. Bxc5 Bxg5 39. Ba7 Ra8 $18) 38... f6 39. gxf6 gxf6 40. Rxh4 Be7 41. Ra5 Ng6 42. Rg4 Kf7 43. Rxa6 Ne5 44. Rh4 Kg6 45. a4 {[%cal Ba2a4,Ba4a5,Ba5a6,Ba6a7][%mdl 32]} Rb1 46. a5 Nd3 47. Rg4+ Kf5 48. Rb6 Ra1 49. a6 Ne1+ 50. Kg3 Nd3 {[#]} 51. a7 $1 Bd8 (51... Rxa7 52. Rb5+) 52. Rb5+ Ke6 53. Re4+ Kf7 54. Rb7+ Kg6 55. Rd7 {Precision: White = 94%, Black = 31%.} 1-0

[Event "78th Armenian Chess Ch"]
[Site "Yerevan"]
[Date "2017.08.09"]
[Round "1"]
[White "Shahinyan, David"]
[Black "Manukyan, Sargis A"]
[Result "1-0"]
[WhiteElo "2428"]
[BlackElo "2233"]
[Annotator "TA"]
[PlyCount "165"]
[EventDate "2017.??.??"]
[EventCountry "ARM"]
[SourceTitle "playchess.com"]
[Source "ChessBase"]
[SourceQuality "1"]

{[%evp 16,165,27,0,0,0,0,0,0,0,0,0,8,0,47,38,41,47,41,21,25,16,22,6,10,0,0,0,25,-9,0,0,0,-4,0,0,42,18,25,11,19,10,12,0,0,0,0,0,0,0,0,0,0,0,0,0,0,-49,-34,-44,0,0,31,32,35,33,31,18,25,20,20,20,59,83,132,126,155,84,200,191,327,327,327,327,327,327,327,327,327,327,327,327,327,327,327,327,327,327,327,327,327,327,327,327,327,327,327,327,327,327,327,327,327,327,327,327,327,327,327,327,327,0,327,327,508,508,494,477,29958,29959,29957,29959,29953,29960,29960,29962,29946,29964,29952,11522,10520,8418,29972,29973,29978,29979,29979,29980,29980,29980,29982,29983]} 1. Nf3 d5 2. g3 Nf6 3. Bg2 e6 4. O-O Be7 5. d3 O-O 6. Nbd2 Nc6 7. e4 dxe4 8. dxe4 e5 9. Qe2 Bc5 {A07: Réti Opening: New York and Capablanca Systems} 10. Nc4 Qe7 11. c3 a5 $1 {The position is equal.} 12. Ne3 $146 ({Predecessor:} 12. Bg5 h6 13. Bxf6 Qxf6 14. Ne3 Ne7 15. Rfd1 c6 16. a4 b6 17. Nc4 {0-1 (42) Van Wely,L (2632)-Ganguly,S (2652) Berlin 2015}) 12... Bxe3 13. Qxe3 b6 14. Nh4 Qc5 15. Qxc5 bxc5 16. Be3 c4 17. Bc5 Re8 18. Rfd1 Be6 19. Nf5 Rab8 $1 20. Ne3 Rxb2 21. Ba3 Rbb8 (21... Rb7 {seems wilder.} 22. f3 Na7 23. Bf1 Nb5 24. Bb2 Nd6) 22. f4 Ng4 23. Nxg4 Bxg4 24. Rd5 Red8 25. Re1 f6 26. Bf1 (26. Rc5 $5 {[%cal Rc5c6]} Rb6 27. Rd5 $11) 26... Be6 27. Bxc4 Re8 28. f5 Bf7 29. Red1 Na7 30. Rxa5 Bxc4 31. Rxa7 Red8 32. Rxd8+ Rxd8 $11 {[%mdl 4096] Endgame KRB-KRB} 33. Bb4 h5 34. a4 Rd1+ 35. Kf2 Rd2+ 36. Ke1 Re2+ {[%mdl 1024] Black has compensation.} 37. Kd1 Ra2 38. a5 c6 39. Ra8+ Kh7 40. Bf8 {Strongly threatening Ra7.} Kg8 41. Bc5+ Kh7 42. Ra7 {Bf8 is the strong threat.} Kg8 $1 43. h3 Bf1 44. Ke1 Ra1+ 45. Kf2 Bb5 46. g4 (46. Ra8+ $142 Kh7 47. Bf8) 46... h4 (46... hxg4 $16 {was necessary.} 47. hxg4 Ra2+ 48. Kg3 Rc2) 47. Kf3 $18 Rc1 (47... Rf1+ {keeps fighting.} 48. Bf2 Rc1) 48. Ra8+ Kh7 49. a6 {[%cal Ba5a6,Ba6a7][%mdl 32]} Rxc3+ 50. Be3 Ra3 51. a7 c5 52. Rb8 Bc6 53. g5 $1 {[%cal Rg5g6]} fxg5 54. Rc8 $1 {[%cal Rc8c6]} Bb7 55. f6 (55. Rxc5 Rxa7 56. Rxe5 Ra3 $18) 55... Rxa7 56. f7 (56. Rxc5 Ra6 $11) 56... Bxe4+ 57. Kxe4 Rxf7 58. Rxc5 {KRB-KR} Rf1 {Now ...Rh1 and Black clings on.} 59. Bxg5 Kg6 {[#]} 60. Rc1 $1 {[%cal Rc1f1]} (60. Rxe5 Rh1 $16) (60. Bxh4 Rf4+ 61. Kxe5 Rxh4 $11) 60... Rf2 {[#]} 61. Rg1 $1 ({Worse is} 61. Bxh4 Rf4+ 62. Kxe5 Rxh4 $11) 61... Kf7 62. Rg4 ({Not} 62. Kxe5 Rh2 $16) 62... Rh2 63. Rxh4 Kg6 64. Be3 ({Weaker is} 64. Kxe5 Kxg5 65. Rg4+ Kh5 $11) 64... Kf6 65. Rh8 Rh1 66. h4 Re1 67. Rf8+ Kg6 68. Rh8 Kf6 $1 69. Rh5 g6 (69... Rh1 {was called for.} 70. Rf5+ Ke6 71. Rxe5+ Kf7 72. Rf5+ Ke6) 70. Rh8 Kf7 71. Ra8 Rh1 (71... Re2 $18 72. Ra7+ Kf6 73. Ra6+ Kf7) 72. Ra7+ Ke6 73. Ra6+ Kf7 74. Bg5 Re1+ 75. Kd5 Rd1+ 76. Kxe5 Re1+ 77. Kd5 Rd1+ 78. Kc5 Kg7 79. Rd6 {White mates.} Re1 80. Rd7+ Kf8 81. Kd6 Re2 82. Bf6 Ra2 83. Ke6 {Precision: White = 84%, Black = 58%.} 1-0

[Event "78th Armenian Chess Ch"]
[Site "Yerevan"]
[Date "2017.08.10"]
[Round "2"]
[White "Baghdasaryan, Vahe"]
[Black "Hayrapetyan, Hovik"]
[Result "1-0"]
[WhiteElo "2469"]
[BlackElo "2502"]
[Annotator "TA"]
[PlyCount "55"]
[EventDate "2017.??.??"]
[EventCountry "ARM"]
[SourceTitle "playchess.com"]
[Source "ChessBase"]
[SourceQuality "1"]

{[%evp 22,55,92,60,77,72,69,62,77,46,49,54,57,53,49,34,61,36,99,14,77,70,144,158,222,234,369,364,371,356,654,672,749,720,1063,1027]} 1. e4 c5 2. Nf3 e6 3. d4 cxd4 4. Nxd4 a6 5. c4 Nf6 6. Nc3 Qc7 7. a3 b6 8. Be3 Bb7 {B41: Sicilian: Kan Variation: 5 c4} 9. f3 Nc6 (9... d6 10. Be2 Be7 11. O-O O-O 12. Rc1 Nbd7 13. Qe1 Rac8 14. Qf2 Qb8 15. Rfd1 Bd8 16. b4 Bc7 17. g3 Rfe8 18. Nb3 h6 19. a4 {0-1 (40) Baghdasaryan,V (2490)-Hayrapetyan,H (2498) Yerevan 2017}) 10. Be2 Ne5 11. Rc1 Ng6 12. Qd2 {LiveBook: 14 Games} d6 13. O-O Be7 14. Rfd1 $146 ({Predecessor:} 14. b4 O-O 15. Rc2 Rac8 {0-1 (91) Gara,T (2370)-Granda Zuniga,J (2667) Douglas 2015}) 14... O-O 15. Bf1 Rac8 16. Qf2 Nd7 17. b4 Qb8 18. Nb3 Nge5 19. Bxb6 f5 ({Black should try} 19... Nxb6 $14 20. Qxb6 Bg5) 20. exf5 (20. Ba7 $16 Qa8 21. Na5) 20... Bxf3 (20... Rxf5 $11 21. Be3 Nxc4) 21. Ba7 $16 Qa8 ({Black should play} 21... Bxd1 $14 22. Bxb8 Bxb3) 22. gxf3 {[#] Strongly threatening Bg2.} Nxf3+ (22... Rxf5 $16 23. Bg2 Rxf3) 23. Kh1 $18 Nde5 (23... Nh4+ $142 24. Bg2 Nxg2 25. Qxg2 Qxa7) 24. Bg2 Rxf5 25. Bd4 Nxc4 $2 {[#]} (25... Qb8 26. Qe2 Rcf8) 26. Qe2 {White is clearly winning.} e5 27. Rf1 Nxd4 28. Nxd4 {Precision: White = 54%, Black = 29%.} ({Less strong is} 28. Bxa8 Nxe2 29. Bd5+ (29. Rxf5 Nxc1 30. Bd5+ Kh8 $16) 29... Kh8 $16) 1-0

[Event "78th Armenian Chess Ch"]
[Site "Yerevan"]
[Date "2017.08.10"]
[Round "2"]
[White "Hakobyan, Aram"]
[Black "Shahinyan, David"]
[Result "1/2-1/2"]
[WhiteElo "2466"]
[BlackElo "2428"]
[Annotator "TA"]
[PlyCount "154"]
[EventDate "2017.??.??"]
[EventCountry "ARM"]
[SourceTitle "playchess.com"]
[Source "ChessBase"]
[SourceQuality "1"]

{[%evp 9,154,15,55,20,24,24,21,17,31,26,25,21,20,25,12,14,32,9,36,3,0,0,7,0,8,0,0,0,-2,-20,26,5,61,60,37,31,29,22,22,23,24,24,27,27,25,12,12,13,18,13,24,15,52,33,29,30,116,93,108,81,101,94,84,67,71,62,62,86,84,62,63,30,30,30,62,30,46,0,25,20,31,8,8,-8,-8,-69,0,-8,0,0,0,0,0,0,0,0,0,0,0,0,0,0,0,0,0,0,0,0,0,0,0,0,0,0,0,0,0,0,0,0,0,0,0,0,0,0,0,0,0,0,0,0,0,0,0,0,0,0,0,0,0,0,0,0,0,0,0]} 1. e4 d6 2. Nc3 Nf6 3. f4 e5 4. Nf3 Nbd7 5. Bc4 Be7 6. O-O {C30: King's Gambit Declined} (6. d3 c6 7. a3 O-O 8. Ba2 exf4 9. O-O Nb6 10. Bxf4 d5 11. e5 Ne8 12. Qe1 Nc7 13. Qg3 Ne6 14. Bh6 Kh8 {1-0 (22) Morozevich,A (2683)-Kuznecov,M (2378) Moscow 2016}) 6... c6 7. d3 O-O 8. Kh1 b5 9. Bb3 a5 10. a4 b4 11. Ne2 exf4 12. Nfd4 $146 ({Predecessor:} 12. Ned4) 12... Qc7 (12... f3 $5 13. gxf3 (13. Nxf3 Nc5 $11) (13. Rxf3 Ne5 $11) 13... Qc7 $11) 13. Bxf4 Nc5 14. Bc4 Be6 15. Nxe6 Nxe6 16. Bg3 Qd7 17. Nf4 Nxf4 18. Bxf4 d5 19. Bb3 Rad8 20. Qe2 dxe4 (20... Bd6 $11) 21. dxe4 $14 Qd4 22. Rad1 Qxb2 ({Don't go for} 22... Qxe4 $2 23. Qxe4 Nxe4 24. Rde1 $18) 23. Rxd8 Rxd8 24. Qc4 Rf8 25. Bc7 Qc3 $1 {[%cal Rc3c4]} 26. Qxc3 bxc3 27. Bxa5 Nxe4 28. Rf4 Nd2 {[#] Strongly threatening ...g5.} 29. Bxc3 Nxb3 30. cxb3 $11 {[%mdl 4096] Endgame KRB-KRB} Rd8 {( -> ...Rd1+)} 31. g3 c5 32. a5 {[%cal Ba4a5,Ba5a6][%mdl 32]} Rb8 (32... f6 $11) 33. Ra4 Rxb3 34. Be5 {[#] aiming for a6.} Rb7 35. a6 {[%mdl 1024] White has strong compensation.} Ra7 36. Kg2 f5 $1 37. Bb8 Ra8 38. a7 Kf7 39. Ra6 Bf6 $1 40. Rc6 Bd4 41. Kf3 Ke7 42. Kf4 g6 43. g4 fxg4 (43... c4 $5) 44. Ke4 {And now Kd5 would win.} Bg1 45. Kd5 c4 46. Rc7+ Kf6 $1 47. Kxc4 ({White should play} 47. Rxh7 $11 c3 48. Ke4 (48. Rc7 c2 $15)) 47... h5 (47... Bxh2 $15 48. Rc8 Ke6 49. Re8+ Kd7) 48. Kd5 $132 {[%mdl 2048] The position is equal. White is fighting back} h4 {[%cal Bh5h4,Bh4h3][%mdl 32]} 49. Ke4 h3 50. Rc6+ Kf7 51. Rc7+ Kf6 52. Rh7 g3 53. Bxg3 {Black must now prevent Bb8.} Rxa7 54. Rxh3 Ra4+ 55. Kf3 Kf5 (55... g5 $5 {[%cal Rg5g4]} 56. Rh8 g4+ 57. Ke2 Kg6 $11) 56. Rh8 Ra3+ 57. Kg2 Bd4 58. Rf8+ Bf6 59. Rc8 Rc3 60. Ra8 Rc2+ 61. Kf3 Rc3+ 62. Kg2 Rc5 63. Bf2 Rc2 64. Ra5+ Ke4 65. Ra4+ Kf5 66. Kf3 Rc3+ 67. Be3 Bg5 68. Ra5+ Kf6 69. Rxg5 {Hoping for Ra5.} Rxe3+ $1 70. Kxe3 {White threatens Kf4 and mate.} Kxg5 {KP-KP} 71. Kf3 Kh4 72. Kg2 Kg4 73. h3+ Kf4 74. Kf2 Kg5 75. Kg3 Kh5 76. h4 g5 77. hxg5 Kxg5 {Precision: White = 67%, Black = 66%.} 1/2-1/2

[Event "78th Armenian Chess Ch"]
[Site "Yerevan"]
[Date "2017.08.10"]
[Round "2"]
[White "Harutjunyan, Gevorg"]
[Black "Petrosyan, Manuel"]
[Result "1-0"]
[WhiteElo "2454"]
[BlackElo "2565"]
[Annotator "TA"]
[PlyCount "74"]
[EventDate "2017.??.??"]
[EventCountry "ARM"]
[SourceTitle "playchess.com"]
[Source "ChessBase"]
[SourceQuality "1"]

{[%evp 20,74,5,0,26,-13,4,13,12,0,0,0,6,0,49,27,16,31,213,213,216,223,215,233,418,414,491,435,427,427,408,349,337,346,384,373,429,446,440,443,784,726,900,882,668,884,1201,1186,1031,766,1744,1669,1453,1362,29982,29983,29988]} 1. e4 e5 2. Nf3 Nc6 3. Nc3 Nf6 4. d4 exd4 5. Nxd4 Bb4 6. Nxc6 bxc6 7. Bd3 d5 8. exd5 cxd5 9. O-O O-O 10. h3 {C47: Scotch Four Knights and Four Knights with 4 g3} Rb8 11. Qf3 {LiveBook: 41 Games} Be7 12. Rd1 $146 {White has an edge.} ({Predecessor:} 12. b3 c5 13. Bf4 Rb6 14. Na4 Re6 15. c4 d4 16. Bf5 Ra6 17. Bxc8 Qxc8 {½-½ (76) Atabayev,M (2464)-Filippov,A (2644) Osh 2013}) 12... Be6 13. b3 c5 14. Bf4 Bd6 15. Ne2 Rb6 16. a4 {[%cal Ba2a4,Ba4a5][%mdl 32]} d4 {[#] ...Bd5 is the strong threat.} 17. a5 Bd5 18. Qg3 $1 Nh5 $2 (18... Rc6 $14 19. Qh4 Bxf4 20. Nxf4 Be4) 19. Qg4 $18 Nf6 {[#]} 20. Bxh7+ $1 {[%mdl 512]} Nxh7 21. axb6 $40 {[%mdl 128] White attacks with force.} axb6 $2 (21... Nf6 22. Qg5 axb6 23. Bxd6 Qxd6) 22. Bxd6 Re8 23. Bg3 f5 24. Qxf5 ({Don't play} 24. Qh5 Nf6 $18) 24... Rxe2 25. Ra7 {[%cal Ba1a7,Ba7c7,Bc7c8][%mdl 32]} Qg5 26. Qd3 Re6 27. b4 Nf6 28. bxc5 bxc5 29. Rc7 Ne4 (29... Rc6 $142) 30. c4 Nxf2 31. Rc8+ (31. Kxf2 Re3 $15) 31... Kf7 32. Rf1 ({Stronger than} 32. Kxf2 Re3 $11) 32... Be4 33. Rxf2+ Kg6 34. Qa3 d3 35. Bf4 Qh4 36. Rxc5 Bf5 37. Bd2 Bxh3 {Precision: White = 65%, Black = 26%.} 1-0